| 000 | 00776nam a22001937a 4500 | ||
|---|---|---|---|
| 005 | 20240802131609.0 | ||
| 010 | _aHIN-128138 | ||
| 020 |
_c200.00 _a9789388583282 |
||
| 035 | _aHN-100484 | ||
| 037 | _bDBAD | ||
| 082 | _a821 | ||
| 100 |
_aमिश्र, गंगा प्रसाद _969302 |
||
| 245 |
_aदेशराग/ _bगंगा प्रसाद मिश्र |
||
| 250 | _aप्रथम | ||
| 260 |
_aनई दिल्ली _bसाहित्यभूमि _c2019 |
||
| 270 |
_aएन-3/5ए, मोहन गार्डन _bनई दिल्ली _e110059 _k7290973151 _k8383863238 _msahitybhoomi@gmail.com |
||
| 300 |
_a76पृ. _c22 सेमी. (सजिल्द) |
||
| 942 |
_2ddc _cHN _h821 _kमिश्रगं |
||
| 999 |
_c204615 _d204615 |
||